Wakfu- Yugo - Statistiques

Statistiques générales
  • Ce quiz a été pris 330 fois
    322 depuis la dernière actualisation
  • Le résultat moyen est 18 sur 39
Statistiques - réponses
Questions Réponses % Correct
Quel est le nom du personnage? Yugo
100%
Dans qu’elle série apparaît-il? Wakfu
98%
Quel est son âge au début de la série? 12 ans
95%
Quelle est sa classe (son « espèce ») Éliatrope
95%
Quel est son âge lors de la saison 3 (actuellement la dernière)? 21-22 ans
91%
Frère jumeaux Adamaï
85%
Crâ Évangelyne
83%
Ses amis Iop Sir Tristepin de Percedal
83%
Sadida Amalia
82%
Énutrophe Ruel
82%
Ennemi Saison 1 Noximilien
80%
Père adoptif Alibert
70%
Saison 2 Qilby
62%
Frères dragons Grougaloragran
56%
Tofu (animal) Az
55%
Mère Grande Déesse
53%
Frères éliatrope Chibi
47%
Sa famille Père Grand Dragon
43%
Soeurs éliatropes Nora
43%
Qilby
42%
Sœur dragon Shinonomé
41%
Armes Sont constituées de Wakfu Épée
34%
Bouclier
32%
Phaéris
30%
Statut Roi des éliatropes
29%
Balthazar
26%
Efrim
26%
Mina
22%
Shushu Gruffon
21%
Glip
19%
Saison 3 Oropo| Lui (sous forme éliotrope)
19%
Adamaï
17%
Ush
14%
Comte Harbourg
11%
Épisode Spéciaux Dame Écho
10%
Voir même les yeux fermés Détection du Wakfu
7%
Deux portails superposés, de tirer des lasers de wakfu pour atteindre son ennemi Explosion du portail
5%
Aptitudes Téléporter lui ou d'autres personnes à un autre endroit Création de portail
4%
Plusieurs portails simultannés, de se déplacer à grande vitesse Portails renforcés
2%
Aucun quiz correspondant
Distribution des résultats
% des personnes avec chaque résultat
Percentile par nombre de réponses
Votre historique - résultats
Vous n’avez pas pris ce quiz depuis la dernière actualisation